Introduction to Vascular Scanning : (Record no. 33930)

MARC details
000 -LEADER
fixed length control field 00547nam a22001937a 4500
005 - DATE AND TIME OF LATEST TRANSACTION
control field 20240503153026.0
008 - FIXED-LENGTH DATA ELEMENTS--GENERAL INFORMATION
fixed length control field 231016b |||||||| |||| 00| 0 eng d
020 ## - INTERNATIONAL STANDARD BOOK NUMBER
ISBN 0941022390
082 ## - DEWEY DECIMAL CLASSIFICATION NUMBER
Classification number 616.130
Item number RID
100 ## - MAIN ENTRY--AUTHOR
Author Name Ridgway,Donald P.
245 ## - TITLE STATEMENT
Title Introduction to Vascular Scanning :
Remainder of title A guide for the complete beginner /
250 ## - EDITION STATEMENT
Edition statement 2nd ed.
260 ## - PUBLICATION, DISTRIBUTION, ETC.
Place of Publication USA :
Name of publisher, distributor, etc. Davis Publishing ;
Date of publication, distribution, etc. 1998 .
300 ## - PHYSICAL DESCRIPTION
Pages ix,288p.
500 ## - GENERAL NOTE
General note Include Index
650 ## - SUBJECT ADDED ENTRY--TOPICAL TERM
Subject / Department Medical / Radiology
700 ## - ADDED ENTRY--PERSONAL NAME
Personal name Donald P.Ridgway
300 ## - PHYSICAL DESCRIPTION
-- ill;
-- 27cm.
952 ## - LOCATION AND ITEM INFORMATION (KOHA)
-- 0
-- 0
952 ## - LOCATION AND ITEM INFORMATION (KOHA)
-- 0
-- 0
952 ## - LOCATION AND ITEM INFORMATION (KOHA)
-- 0
-- 0
952 ## - LOCATION AND ITEM INFORMATION (KOHA)
-- 0
-- 0
952 ## - LOCATION AND ITEM INFORMATION (KOHA)
-- 0
-- 0
952 ## - LOCATION AND ITEM INFORMATION (KOHA)
-- 0
-- 0
952 ## - LOCATION AND ITEM INFORMATION (KOHA)
-- 0
-- 0
952 ## - LOCATION AND ITEM INFORMATION (KOHA)
-- 0
-- 0
952 ## - LOCATION AND ITEM INFORMATION (KOHA)
-- 0
-- 0
952 ## - LOCATION AND ITEM INFORMATION (KOHA)
-- 0
-- 0
952 ## - LOCATION AND ITEM INFORMATION (KOHA)
-- 0
-- 0
952 ## - LOCATION AND ITEM INFORMATION (KOHA)
-- 0
-- 0
952 ## - LOCATION AND ITEM INFORMATION (KOHA)
-- 0
-- 0
952 ## - LOCATION AND ITEM INFORMATION (KOHA)
-- 0
-- 0
952 ## - LOCATION AND ITEM INFORMATION (KOHA)
-- 0
-- 0
952 ## - LOCATION AND ITEM INFORMATION (KOHA)
-- 0
-- 0
952 ## - LOCATION AND ITEM INFORMATION (KOHA)
-- 0
-- 0
952 ## - LOCATION AND ITEM INFORMATION (KOHA)
-- 0
-- 0
Holdings
Lost status Damaged status Collection code Permanent Location Current Location Shelving Location Date acquired Full Call Number Accession No./Barcode Date last seen Copy number item type Koha item type
    Medical /Allied Heath Science Superior Information Resource Center (SIRC) Superior University- Main Campus Superior Information Resource Center (SIRC) Superior University- Main Campus Medical 10/16/2023 616.130 RID-V 1998 20734 10/16/2023 1 BOOK BOOK
    Science Superior Information Resource Center (SIRC) Superior University- Main Campus Superior Information Resource Center (SIRC) Superior University- Main Campus Radiology 05/03/2024 616.130 RID-V 1998 15968 05/03/2024 2 BOOK BOOK
    Science Superior Information Resource Center (SIRC) Superior University- Main Campus Superior Information Resource Center (SIRC) Superior University- Main Campus Radiology 05/03/2024 616.130 RID-V 1998 15969 05/03/2024 3 BOOK BOOK
    Medical Superior Information Resource Center (SIRC) Superior University- Main Campus Superior Information Resource Center (SIRC) Superior University- Main Campus Radiology 05/03/2024 616.130 RID-V 1998 15970 05/03/2024 4 BOOK BOOK
    Science Superior Information Resource Center (SIRC) Superior University- Main Campus Superior Information Resource Center (SIRC) Superior University- Main Campus Radiology 05/03/2024 616.130 RID-V 1998 15971 05/03/2024 5 BOOK BOOK
    Science Superior Information Resource Center (SIRC) Superior University- Main Campus Superior Information Resource Center (SIRC) Superior University- Main Campus Radiology 05/03/2024 616.130 RID-V 1998 15972 05/03/2024 6 BOOK BOOK
    Science Superior Information Resource Center (SIRC) Superior University- Main Campus Superior Information Resource Center (SIRC) Superior University- Main Campus Radiology 05/03/2024 616.130 RID-V 1998 15973 05/03/2024 7 BOOK BOOK
    Science Superior Information Resource Center (SIRC) Superior University- Main Campus Superior Information Resource Center (SIRC) Superior University- Main Campus Radiology 05/03/2024 616.130 RID-V 1998 15974 05/03/2024 8 BOOK BOOK
    Science Superior Information Resource Center (SIRC) Superior University- Main Campus Superior Information Resource Center (SIRC) Superior University- Main Campus Radiology 05/03/2024 616.130 RID-V 1998 15975 05/03/2024 9 BOOK BOOK
    Science Superior Information Resource Center (SIRC) Superior University- Main Campus Superior Information Resource Center (SIRC) Superior University- Main Campus Radiology 05/03/2024 616.130 RID-V 1998 15976 05/03/2024 10 BOOK BOOK
    Science Superior Information Resource Center (SIRC) Superior University- Main Campus Superior Information Resource Center (SIRC) Superior University- Main Campus Radiology 05/03/2024 616.130 RID-V 1998 15977 05/03/2024 11 BOOK BOOK
    Science Superior Information Resource Center (SIRC) Superior University- Main Campus Superior Information Resource Center (SIRC) Superior University- Main Campus Radiology 05/03/2024 616.130 RID-V 1998 15978 05/03/2024 12 BOOK BOOK
    Science Superior Information Resource Center (SIRC) Superior University- Main Campus Superior Information Resource Center (SIRC) Superior University- Main Campus Radiology 05/03/2024 616.130 RID-V 1998 15979 05/03/2024 13 BOOK BOOK
    Science Superior Information Resource Center (SIRC) Superior University- Main Campus Superior Information Resource Center (SIRC) Superior University- Main Campus Radiology 05/03/2024 616.130 RID-V 1998 15980 05/03/2024 14 BOOK BOOK
    Science Superior Information Resource Center (SIRC) Superior University- Main Campus Superior Information Resource Center (SIRC) Superior University- Main Campus Radiology 05/03/2024 616.130 RID-V 1998 15981 05/03/2024 15 BOOK BOOK
    Science Superior Information Resource Center (SIRC) Superior University- Main Campus Superior Information Resource Center (SIRC) Superior University- Main Campus Radiology 05/03/2024 616.130 RID-V 1998 6882 05/03/2024 16 BOOK BOOK
    Science Superior Information Resource Center (SIRC) Superior University- Main Campus Superior Information Resource Center (SIRC) Superior University- Main Campus Radiology 05/03/2024 616.130 RID-V 1998 6915 05/03/2024 17 BOOK BOOK
    Science Superior Information Resource Center (SIRC) Superior University- Main Campus Superior Information Resource Center (SIRC) Superior University- Main Campus Radiology 05/03/2024 616.130 RID-V 1998 15967 05/03/2024 18 BOOK BOOK

Powered by Koha